000 00627aas a2200181 4500
999 _c50151
_d50151
001 768714001
003 CO-MdFUSB
005 20170914125319.0
008 170914s1999 ag ||||| |||| 00| 0 spa d
022 _a0326-6737
040 _aCO-MdFUSB
_bspa
_cCO-MdFUSB
_dCO-MdFUSB
041 _aspa
100 1 _aMonti, Emilio N.
_eautor
245 1 0 _aCamino de unidad, camino de santificación :
_breflexiones sobre la experiencia ecuménica
_c/ Monti, Emilio N.
300 _aVolumen 18 (1999), páginas 53-69
_c: 23 cm.
773 0 _tCuadernos de Teología
_049404
_959703
_gVolumen 18 (1999), páginas 53-69
_qPágina 53
942 _cANA